| 000 | 01305nam0a22002651 4500 | ||
|---|---|---|---|
| 001 | rc\4277415 | ||
| 005 | 20260407083208.0 | ||
| 035 | _a(NLR Aleph) 008243384 | ||
| 090 |
_a8291550 _c8291550 |
||
| 100 | _a20130416a19619999|||y0rusy50 ca | ||
| 101 | 0 | _arus | |
| 102 | _aRU | ||
| 105 | _ay z ||||| | ||
| 200 | 1 |
_aОтчет о научной деятельности Академии наук БССР _fАН БССР |
|
| 210 |
_aМинск _cНаука и техника _d1961- |
||
| 300 | _aВ книжном фонде имеется (К-50): 1960 (1961). Шифр: 61-5/1734; 1961 (Проект) (1962). Шифр: 62-5/1741; 1962 (1963). Шифр: 63-5/3708; 1963 (1964), 1964 (1965). Шифр: 61-5/1734 | ||
| 300 | _aС 1965 (1966) издание хранится в Журнальном фонде. Шифр: П1/375 (К-50) | ||
| 333 | _aОгранич. пользования | ||
| 710 | 0 | 2 |
_aАН БССР _cМинск _3RU\NLR\AUTH\889696 _9291860 |
| 801 | 0 |
_aRU _bNLR _gpsbo |
|
| 801 | 1 |
_aRU _bELAR _2rusmarc |
|
| 830 | _aПеречень имеющихся в библиотеке томов, номеров, годов этого издания смотри в каталоге периодических изданий | ||
| 852 |
_aNLR _jШифры разные |
||
| 942 | _cBOOK | ||
| 980 | _aNB | ||